Statystyki dla Księżyce Saturna

Kliknij tutaj aby rozwiązać quiz!

Ogólne statystyki

  • Ten quiz został rozwiązany 40 razy
    (39 od ostatniego zresetowania)
  • Średni wynik to 66 z 146

Statystyki odpowiedzi

KolejnośćSatelita% Poprawnych
22.Tytan
86%
10.Mimas
71%
21.Rea
71%
19.Dione
57%
23.Hyperion
57%
8.Janus
57%
2.Pan
57%
6.Pandora
57%
5.Prometeusz
57%
79.S/2004 S 12
57%
63.S/2004 S 13
57%
65.S/2004 S 17
57%
138.S/2004 S 21
57%
127.S/2004 S 24
57%
112.S/2004 S 28
57%
48.S/2004 S 31
57%
135.S/2004 S 36
57%
38.S/2004 S 37
57%
122.S/2004 S 39
57%
41.S/2004 S 40
57%
52.S/2004 S 41
57%
60.S/2004 S 42
57%
71.S/2004 S 43
57%
77.S/2004 S 44
57%
85.S/2004 S 45
57%
88.S/2004 S 46
57%
39.S/2004 S 47
57%
118.S/2004 S 48
57%
123.S/2004 S 49
57%
116.S/2004 S 50
57%
142.S/2004 S 51
57%
145.S/2004 S 52
57%
136.S/2004 S 53
57%
81.S/2004 S 7
57%
28.S/2005 S 4
57%
104.S/2005 S 5
57%
68.S/2006 S 1
57%
70.S/2006 S 10
57%
78.S/2006 S 11
57%
83.S/2006 S 12
57%
86.S/2006 S 13
57%
107.S/2006 S 14
57%
111.S/2006 S 15
57%
115.S/2006 S 16
57%
120.S/2006 S 17
57%
129.S/2006 S 18
57%
130.S/2006 S 19
57%
31.S/2006 S 20
57%
105.S/2006 S 3
57%
32.S/2006 S 9
57%
35.S/2007 S 2
57%
96.S/2007 S 3
57%
37.S/2007 S 5
57%
66.S/2007 S 6
57%
36.S/2007 S 7
57%
43.S/2007 S 8
57%
97.S/2007 S 9
57%
1.S/2009 S 1
57%
27.S/2019 S 1
57%
101.S/2019 S 10
57%
98.S/2019 S 11
57%
102.S/2019 S 12
57%
103.S/2019 S 13
57%
57.S/2019 S 14
57%
108.S/2019 S 15
57%
134.S/2019 S 16
57%
128.S/2019 S 17
57%
133.S/2019 S 18
57%
131.S/2019 S 19
57%
42.S/2019 S 2
57%
132.S/2019 S 20
57%
144.S/2019 S 21
57%
45.S/2019 S 3
57%
55.S/2019 S 4
57%
72.S/2019 S 5
57%
84.S/2019 S 6
57%
94.S/2019 S 7
57%
89.S/2019 S 8
57%
99.S/2019 S 9
57%
29.S/2020 S 1
57%
140.S/2020 S 10
57%
58.S/2020 S 2
57%
53.S/2020 S 3
57%
59.S/2020 S 4
57%
64.S/2020 S 5
57%
106.S/2020 S 6
57%
46.S/2020 S 7
57%
113.S/2020 S 8
57%
143.S/2020 S 9
57%
146.Saturn LVIII
57%
49.Saturn LX
57%
139.Saturn LXIV
57%
15.Tetyda
57%
4.Atlas
43%
14.Enceladus
43%
7.Epimeteusz
43%
30.Febe
43%
24.Japet
43%
9.Aegaeon
29%
40.Albioriks
29%
12.Anthe
29%
44.Bebhionn
29%
75.Bergelmir
29%
3.Daphnis
29%
47.Erriapus
29%
74.Gridr
29%
82.Hati
29%
20.Helena
29%
26.Ijiraq
29%
17.Kalipso
29%
25.Kiviuq
29%
11.Methone
29%
67.Mundilfari
29%
73.Narvi
29%
33.Paaliaq
29%
13.Pallene
29%
18.Polideukes
29%
50.Siarnaq
29%
34.Skathi
29%
76.Suttungr
29%
54.Tarvos
29%
16.Telesto
29%
100.Aegir
14%
114.Alvaldi
14%
90.Angrboda
14%
92.Beli
14%
87.Bestla
14%
80.Eggther
14%
91.Farbauti
14%
119.Fenrir
14%
141.Fornjot
14%
124.Geirrod
14%
95.Gerd
14%
61.Greip
14%
110.Gunnlod
14%
62.Hyrrokkin
14%
125.Imir
14%
69.Jarnsaksa
14%
117.Kari
14%
126.Loge
14%
51.Skoll
14%
109.Skrymir
14%
121.Surtur
14%
56.Tarqeq
14%
137.Thiazzi
14%
93.Thrymr
14%

Rozkład punktacji

Percentyl według liczby udzielonych odpowiedzi

Procent ludzi z każdym wynikiem

Twoja historia wyników

Nie rozwiązałeś tego quizu od ostatniego zresetowania